000 00701nam a22002057a 4500
999 _c3680
_d3680
003 AR-CdUCM
008 190307b ||||| |||| 00| 0 spa d
040 _aMUNICIPALIDAD PROVINCIAL DEL CUSCO
_cBIBLIOTECA MUNICIPAL DEL CUSCO
082 _a869.75 /
_bP26
100 _aParra, Teresa De La
_99374
245 _aIfigenia :
_bDiario de una señorita que escribió porque se fastidiaba /
260 _aMéxico :
_bEditora Nacional ;
_c1970.
300 _a516 páginas ;
_c17cm
440 _aColección Económica Libros de Bolsillo
_n585
_911945
500 _zContenido: Novela
650 _aLiteratura venezolana
_96294
650 _aNovela venezolana
_9252
942 _2ddc
_cLIBROS
945 _anom